| 000 | 01577nam a2200397 a 4500 | ||
|---|---|---|---|
| 003 | CHAP | ||
| 005 | 20220817044139.0 | ||
| 008 | 070129d2001 mx r 10100 spa d | ||
| 010 | _a93256 | ||
| 011 | _a94228 | ||
| 035 | _a104813 | ||
| 040 | _cCHAP | ||
| 082 | 0 | 4 |
_a658 _bC63 |
| 111 | 2 |
_aCongreso Nacional de Investigación en Ciencias Administrativas _n(5 : _d2001 : _cGuadalaja, Jal.) _927024 |
|
| 245 | 1 | 4 |
_aLos desafíos de la investigación científica: _bmemorias _c/por Universidad de Guadalajara. Centro Universitario de Ciencias Económico Administrativas |
| 260 |
_aGuadalajara, Jal. : _bCentro Universitario de Ciencias Económico Administrativas, _c2001. |
||
| 300 | _a153 p. | ||
| 590 |
_aBATCH-UPD _b10 _c20130110 _lUCH01 _h0448 |
||
| 590 |
_aBATCH-UPD _b10 _c20130410 _lUCH01 _h0125 |
||
| 590 |
_aBATCH-UPD _b10 _c20130913 _lUCH01 _h1936 |
||
| 590 |
_aCONVERSION _b10 _c20130109 _lUCH01 _h1352 |
||
| 650 | 1 | 4 |
_aAdministración de empresas. _9922 |
| 650 | 1 | 4 |
_aAdministracion publica. _9934 |
| 650 | 1 | 4 |
_aAdministración. _9918 |
| 650 | 1 | 4 |
_aAdministración _xEstudio y ensenanza. _9920 |
| 650 | 1 | 4 |
_aCiencia _xCongresos. _923113 |
| 650 | 1 | 4 |
_aCiencia _xInvestigación. _923126 |
| 650 | 1 | 4 |
_aDesarrollo rural. _932067 |
| 650 | 1 | 4 |
_aInnovaciones tecnológicas. _958829 |
| 650 | 1 | 4 |
_aInvestigación _xCongresos. _960228 |
| 710 | 2 | _aUniversidad de Guadalajara. Centro Universitario de Ciencias Económico Administrativas. | |
| 901 | _aBK | ||
| 905 | _aMarco A. Mendoza T. | ||
| 942 | _cLIBRO | ||
| 949 |
_a658 C63 _bBC _cCONG _d33724002012629 _eCONG _h108446 _i104813 _sb |
||
| 999 |
_c93256 _d93256 |
||